[Event "Titled Tuesday intern op 23rd Apr Late"]
[Site "Chess.com INT"]
[Date "2024.04.23"]
[Round "2"]
[White "Kovacevic, Radmila"]
[Black "Diaz Herquinio, Brahian"]
[Result "0-1"]
[WhiteElo "2042"]
[BlackElo "2051"]
[PlyCount "114"]
[EventDate "2024.04.23"]
[EventType "swiss (blitz)"]
[EventRounds "11"]
[EventCountry "USA"]
[SourceTitle "CB18_2024"]
[SourceDate "2024.05.01"]
[SourceVersion "1"]
[SourceVersionDate "2024.05.01"]
[SourceQuality "2"]

1. e4 c5 2. Nf3 d6 3. d4 cxd4 4. Nxd4 Nf6 5. Nc3 a6 6. Rg1 Nc6 7. g4 Nxd4 8. Qxd4 Bxg4 9. Rxg4 Nxg4 10. Qa4+ b5 11. Nxb5 e6 12. Nd4+ Qd7 13. Bb5 axb5 14. Qxa8+ Qd8 15. Qc6+ Qd7 16. Qxb5 Qxb5 17. Nxb5 Nxh2 18. Ke2 Ng4 19. Bf4 e5 20. Bg3 Kd7 21. a4 Nf6 22. f3 Be7 23. Rd1 Kc6 24. b4 h5 25. c4 h4 26. Bh2 Nh5 27. Nc3 Ng3+ 28. Ke3 Bg5+ 29. Kf2 Bf4 30. Rd5 Nxe4+ 31. Nxe4 Bxh2 32. Rxd6+ Kc7 33. b5 Bf4 34. b6+ Kb8 35. Kg2 h3+ 36. Kh1 Rc8 37. c5 f5 38. c6 fxe4 39. fxe4 g5 40. a5 Be3 41. Kh2 g4 42. Kg3 Bf4+ 43. Kxg4 h2 44. c7+ Kb7 45. Rd8 h1Q 46. a6+ Kxa6 47. Rxc8 Qf3+ 48. Kf5 Qh3+ 49. Kf6 Qxc8 50. Ke7 Kxb6 51. Kd6 Qxc7+ 52. Ke6 Qc6+ 53. Kf5 Qb7 54. Kg4 Qxe4 55. Kh5 Qf5+ 56. Kh4 Qg5+ 57. Kh3 Qg3# 0-1

[Event "Titled Tuesday intern op 23rd Apr Late"]
[Site "Chess.com INT"]
[Date "2024.04.23"]
[Round "10"]
[White "Reprintsev, Alexander"]
[Black "Diaz Herquinio, Brahian"]
[Result "1-0"]
[WhiteElo "2241"]
[BlackElo "2051"]
[PlyCount "103"]
[EventDate "2024.04.23"]
[EventType "swiss (blitz)"]
[EventRounds "11"]
[EventCountry "USA"]
[SourceTitle "CB18_2024"]
[SourceDate "2024.05.01"]
[SourceVersion "1"]
[SourceVersionDate "2024.05.01"]
[SourceQuality "2"]

1. e4 c5 2. b3 d5 3. exd5 Qxd5 4. Nc3 Qd8 5. Nf3 Nf6 6. Ne5 e6 7. Bb5+ Nbd7 8. Qf3 Qc7 9. Nxd7 Bxd7 10. 0-0 Bd6 11. Bxd7+ Qxd7 12. Bb2 0-0 13. Rfe1 Be7 14. Re3 Rfd8 15. Rd3 Qc7 16. Nb5 Qb6 17. a4 a6 18. Na3 Rxd3 19. Qxd3 Qc6 20. a5 Rd8 21. Qe2 h5 22. Nc4 h4 23. h3 Qe4 24. Qxe4 Nxe4 25. d3 Nd6 26. Ne5 Nf5 27. Nf3 f6 28. Ra4 g5 29. Rc4 Kf7 30. Ba3 Rd5 31. Nd2 Nd4 32. Ne4 f5 33. Nxc5 Nb5 34. Bb4 Nd6 35. Nxb7 Nxc4 36. bxc4 Rd7 37. Bxe7 Rxb7 38. Ba3 Rb1+ 39. Kh2 e5 40. g3 Ke6 41. gxh4 gxh4 42. Kg2 Ra1 43. Bb4 Ra2 44. c3 e4 45. dxe4 fxe4 46. Kf1 Ke5 47. Be7 Kf4 48. Bxh4 Kf3 49. Ke1 Rc2 50. c5 Rxc3 51. Be7 Rc4 52. h4 1-0

[Event "Titled Tuesday intern op 16th Apr Early"]
[Site "Chess.com INT"]
[Date "2024.04.16"]
[Round "11"]
[White "Diaz Herquinio, Brahian"]
[Black "Rodrigues Mota, Romulo Cardoso S"]
[Result "0-1"]
[WhiteElo "2051"]
[BlackElo "1978"]
[PlyCount "56"]
[EventDate "2024.04.16"]
[EventType "swiss (blitz)"]
[EventRounds "11"]
[EventCountry "USA"]
[SourceTitle "CB17_2024"]
[SourceDate "2024.04.24"]
[SourceVersion "1"]
[SourceVersionDate "2024.04.24"]
[SourceQuality "1"]

1. e4 c5 2. Nf3 g6 3. d4 cxd4 4. Nxd4 Nc6 5. Nc3 Bg7 6. Nde2 Nf6 7. g3 0-0 8. Bg2 d6 9. 0-0 Be6 10. a4 Rc8 11. h3 Qd7 12. Be3 Bxh3 13. Nd5 Bxg2 14. Kxg2 Ng4 15. Bc1 e6 16. Ndc3 e5 17. Rh1 Nd4 18. f3 Nxe2 19. Qxe2 Nf6 20. Bh6 d5 21. Bxg7 Kxg7 22. Qd2 dxe4 23. Qh6+ Kg8 24. Rad1 exf3+ 25. Kf1 Qc6 26. Nd5 Qc4+ 27. Kg1 f2+ 28. Kxf2 Ng4+ 0-1

[Event "Titled Tuesday intern op 02nd Apr Early"]
[Site "Chess.com INT"]
[Date "2024.04.02"]
[Round "5"]
[White "Diaz Herquinio, Brahian"]
[Black "Rasch, Holger"]
[Result "1-0"]
[WhiteElo "2051"]
[BlackElo "2261"]
[PlyCount "69"]
[EventDate "2024.04.02"]
[EventType "swiss (blitz)"]
[EventRounds "11"]
[EventCountry "USA"]
[SourceTitle "CB15_2024"]
[SourceDate "2024.04.10"]
[SourceVersion "1"]
[SourceVersionDate "2024.04.10"]
[SourceQuality "1"]

1. e4 c5 2. Nf3 e6 3. Nc3 a6 4. Be2 Nc6 5. d4 cxd4 6. Nxd4 Qc7 7. 0-0 Nf6 8. Be3 Bb4 9. Nxc6 bxc6 10. Qd4 c5 11. Qc4 Bb7 12. a3 Ba5 13. Qxc5 Qxc5 14. Bxc5 Rc8 15. Bb4 Bxb4 16. axb4 Nxe4 17. Nxe4 Bxe4 18. c3 Bb7 19. Bxa6 Bxa6 20. Rxa6 Ke7 21. Ra7 Ra8 22. Rfa1 Rxa7 23. Rxa7 Rb8 24. f3 Kd6 25. Kf2 f5 26. f4 h6 27. h4 g6 28. Ke3 Rb6 29. Kd4 Kc6 30. Ke5 g5 31. hxg5 hxg5 32. fxg5 Rb5+ 33. Kf6 f4 34. g6 Rf5+ 35. Ke7 1-0

[Event "Titled Tuesday intern op 02nd Apr Early"]
[Site "Chess.com INT"]
[Date "2024.04.02"]
[Round "2"]
[White "Emeliantsev, Anatoliy"]
[Black "Diaz Herquinio, Brahian"]
[Result "0-1"]
[WhiteElo "2359"]
[BlackElo "2051"]
[PlyCount "32"]
[EventDate "2024.04.02"]
[EventType "swiss (blitz)"]
[EventRounds "11"]
[EventCountry "USA"]
[SourceTitle "CB15_2024"]
[SourceDate "2024.04.10"]
[SourceVersion "1"]
[SourceVersionDate "2024.04.10"]
[SourceQuality "1"]

1. d4 d5 2. c4 e6 3. Nc3 Bb4 4. cxd5 exd5 5. Qc2 Nf6 6. Bg5 h6 7. Bh4 g5 8. Bg3 h5 9. f3 Nc6 10. e3 Qe7 11. Nge2 h4 12. Bf2 a6 13. Rd1 Bd7 14. Nc1 0-0-0 15. Bd3 Nxd4 16. Qa4 Bxa4 0-1

[Event "Titled Tuesday intern op 27th Feb Late"]
[Site "Chess.com INT"]
[Date "2024.02.27"]
[Round "7"]
[White "Diaz Herquinio, Brahian"]
[Black "Niekras, Dawid"]
[Result "1-0"]
[WhiteElo "2051"]
[BlackElo "2344"]
[PlyCount "75"]
[EventDate "2024.02.27"]
[EventType "swiss (blitz)"]
[EventRounds "11"]
[EventCountry "USA"]
[SourceTitle "CB10_2024"]
[SourceDate "2024.03.06"]
[SourceVersion "1"]
[SourceVersionDate "2024.03.06"]
[SourceQuality "1"]

1. e4 a6 2. d4 b5 3. c4 Bb7 4. Nd2 bxc4 5. Bxc4 Nf6 6. Qe2 e6 7. Ngf3 d5 8. exd5 Bxd5 9. 0-0 Be7 10. b3 0-0 11. Bb2 Nbd7 12. Ne5 Nxe5 13. dxe5 Bxc4 14. Nxc4 Nd5 15. Na5 Qd7 16. Rfc1 Qb5 17. Nc4 a5 18. Qe4 a4 19. Rab1 axb3 20. axb3 Qxb3 21. Ba3 Qa4 22. Bxe7 Nxe7 23. Qb7 Nd5 24. g3 h6 25. Ra1 Qe8 26. Na5 Qb8 27. Qc6 Qb6 28. Qxb6 cxb6 29. Nb7 b5 30. Nd6 b4 31. Kf1 Rfb8 32. Rxa8 Rxa8 33. Rb1 f6 34. exf6 gxf6 35. Nb7 Kf7 36. Nc5 Ra3 37. Re1 e5 38. Ne4 1-0

[Event "Titled Tuesday intern op 06th Feb Early"]
[Site "Chess.com INT"]
[Date "2024.02.06"]
[Round "6"]
[White "Diaz Herquinio, Brahian"]
[Black "Leto, Enzo"]
[Result "1-0"]
[WhiteElo "2051"]
[BlackElo "2124"]
[PlyCount "51"]
[EventDate "2024.02.06"]
[EventType "swiss (blitz)"]
[EventRounds "11"]
[EventCountry "USA"]
[SourceTitle "CB07_2024"]
[SourceDate "2024.02.14"]
[SourceVersion "1"]
[SourceVersionDate "2024.02.14"]
[SourceQuality "1"]

1. e4 d6 2. d4 Nf6 3. Nd2 e5 4. dxe5 dxe5 5. Ngf3 Nbd7 6. Bc4 Be7 7. 0-0 0-0 8. Qe2 c6 9. a4 a5 10. Rd1 Qc7 11. Nf1 Nc5 12. Ng3 Rd8 13. Bg5 Be6 14. b3 h6 15. Be3 Ng4 16. Nf5 Nxe3 17. Nxe3 g6 18. Bxe6 Nxe6 19. Qc4 h5 20. h4 Bc5 21. Nf5 Qb6 22. Nh6+ Kg7 23. Nxf7 Bxf2+ 24. Kh1 Nd4 25. N7xe5 Nxf3 26. Qf7+ 1-0

[Event "Titled Tuesday intern op 06th Feb Early"]
[Site "Chess.com INT"]
[Date "2024.02.06"]
[Round "9"]
[White "Diaz Herquinio, Brahian"]
[Black "Yedidia, Jonathan"]
[Result "1-0"]
[WhiteElo "2051"]
[BlackElo "2361"]
[PlyCount "79"]
[EventDate "2024.02.06"]
[EventType "swiss (blitz)"]
[EventRounds "11"]
[EventCountry "USA"]
[SourceTitle "CB07_2024"]
[SourceDate "2024.02.14"]
[SourceVersion "1"]
[SourceVersionDate "2024.02.14"]
[SourceQuality "1"]

1. e4 e5 2. Nf3 Nc6 3. Bb5 a6 4. Ba4 Nf6 5. 0-0 d6 6. Re1 Bd7 7. c3 g6 8. d4 Bg7 9. Nbd2 0-0 10. Nf1 exd4 11. cxd4 b5 12. Bc2 Bg4 13. Be3 Nh5 14. a4 Bxf3 15. gxf3 Qf6 16. Ng3 Nxd4 17. Bxd4 Qxd4 18. Nxh5 gxh5 19. Qe2 Qxb2 20. Rab1 Qe5 21. axb5 axb5 22. Rxb5 Qf4 23. Rf5 Qh4 24. Kh1 Be5 25. f4 Bxf4 26. Rxh5 Qe7 27. Qg4+ Kh8 28. Qxf4 Ra2 29. Bb1 Ra4 30. Qf5 f6 31. e5 Rf7 32. e6 Rg7 33. Rg1 Rxg1+ 34. Kxg1 Qg7+ 35. Kf1 Kg8 36. Rxh7 Qg4 37. Qxg4+ Rxg4 38. Rxc7 Rb4 39. Bg6 Rd4 40. e7 1-0

[Event "Titled Tuesday intern op 16th Jan Late"]
[Site "Chess.com INT"]
[Date "2024.01.16"]
[Round "4"]
[White "Diaz Herquinio, Brahian"]
[Black "Lee, Linden"]
[Result "0-1"]
[WhiteElo "2051"]
[BlackElo "2173"]
[PlyCount "52"]
[EventDate "2024.01.16"]
[EventType "swiss (blitz)"]
[EventRounds "11"]
[EventCountry "USA"]
[SourceTitle "CB04_2024"]
[SourceDate "2023.10.16"]
[SourceVersion "1"]
[SourceVersionDate "2023.10.16"]
[SourceQuality "1"]

1. e4 c6 2. d4 d5 3. Nc3 dxe4 4. Nxe4 Nf6 5. Nxf6+ exf6 6. c3 Bd6 7. Bd3 0-0 8. Ne2 Re8 9. Qc2 h5 10. Be3 Nd7 11. 0-0-0 Nf8 12. Ng3 Be6 13. Kb1 Rc8 14. Nf5 Bb8 15. g4 g6 16. Nh6+ Kg7 17. gxh5 Qa5 18. b3 Qxh5 19. Rdg1 Bd5 20. Nf5+ Kh8 21. Ng3 Bxg3 22. hxg3 Bxh1 23. g4 Qh2 24. Qd1 Bf3 25. Qf1 Kg7 26. Rg3 Rxe3 0-1

[Event "Titled Tuesday intern op 16th Jan Late"]
[Site "Chess.com INT"]
[Date "2024.01.16"]
[Round "6"]
[White "Diaz Herquinio, Brahian"]
[Black "Rose, Felix"]
[Result "1-0"]
[WhiteElo "2051"]
[BlackElo "2091"]
[PlyCount "127"]
[EventDate "2024.01.16"]
[EventType "swiss (blitz)"]
[EventRounds "11"]
[EventCountry "USA"]
[SourceTitle "CB04_2024"]
[SourceDate "2023.10.16"]
[SourceVersion "1"]
[SourceVersionDate "2023.10.16"]
[SourceQuality "1"]

1. e4 e5 2. Nf3 Nc6 3. Bb5 a6 4. Ba4 Nf6 5. 0-0 b5 6. Bb3 Bc5 7. c3 d6 8. d4 Bb6 9. Be3 0-0 10. Nbd2 Bb7 11. dxe5 Bxe3 12. exf6 Bb6 13. fxg7 Re8 14. a4 Ne5 15. Qe2 Qf6 16. axb5 Nxf3+ 17. Qxf3 Qxf3 18. Nxf3 Kxg7 19. bxa6 Bxa6 20. Rfe1 Bd3 21. Rxa8 Rxa8 22. Bd5 Rb8 23. Ng5 f6 24. Ne6+ Kh8 25. Nf4 Bb5 26. g3 c6 27. Be6 Bc5 28. b4 Ba7 29. Rd1 Rd8 30. Kg2 c5 31. bxc5 Bxc5 32. Nd5 Kg7 33. Ra1 Bc4 34. Ra4 Bxd5 35. Bxd5 Rc8 36. h4 Rb8 37. Ra2 Rc8 38. Rb2 Rc7 39. Kf3 Ba3 40. Rb3 Bc5 41. c4 Re7 42. Rb8 h6 43. h5 Bd4 44. Rg8+ Kh7 45. Rg6 Rg7 46. Rxg7+ Kxg7 47. Ke2 f5 48. exf5 Kf6 49. Be6 Bc3 50. f4 Bb4 51. Kf3 Be1 52. g4 Bd2 53. Ke4 Bc1 54. Bd5 Bd2 55. Be6 Bc1 56. Kf3 Bd2 57. g5+ hxg5 58. h6 gxf4 59. h7 Kg7 60. Bg8 Bc3 61. Kxf4 Be5+ 62. Ke4 Kf8 63. Kd5 Ke7 64. c5 1-0

[Event "Titled Tuesday intern op 16th Jan Late"]
[Site "Chess.com INT"]
[Date "2024.01.16"]
[Round "9"]
[White "Diaz Herquinio, Brahian"]
[Black "Silva, Miguel Antonio Neto"]
[Result "0-1"]
[WhiteElo "2051"]
[BlackElo "2211"]
[PlyCount "108"]
[EventDate "2024.01.16"]
[EventType "swiss (blitz)"]
[EventRounds "11"]
[EventCountry "USA"]
[SourceTitle "CB04_2024"]
[SourceDate "2023.10.16"]
[SourceVersion "1"]
[SourceVersionDate "2023.10.16"]
[SourceQuality "1"]

1. e4 c6 2. d4 d5 3. Nc3 dxe4 4. Nxe4 Nf6 5. Nxf6+ exf6 6. c3 Bd6 7. Bd3 0-0 8. Ne2 Re8 9. Qc2 h5 10. Be3 Nd7 11. 0-0-0 Nf8 12. Kb1 b5 13. Ng3 Be6 14. Nxh5 Qa5 15. b3 b4 16. g4 bxc3 17. Rhg1 Rab8 18. Nf4 Bxf4 19. Bxf4 Qa3 20. Bc1 Qa4 21. Qxc3 Bxb3 22. axb3 Rxb3+ 23. Qxb3 Qxb3+ 24. Bb2 Rb8 25. Rd2 Ne6 26. Rc1 a5 27. Bc4 Qb4 28. Rdc2 Nxd4 29. Ka2 Nxc2 30. Rxc2 Qa4+ 31. Kb1 c5 32. h4 Qd7 33. g5 Qd1+ 34. Rc1 Qd4 35. Rc2 Rxb2+ 36. Rxb2 Qxc4 37. f4 fxg5 38. hxg5 Qxf4 39. Rc2 Qe4 40. Kb2 Qxc2+ 41. Kxc2 Kh7 42. Kc3 Kg6 43. Kc4 Kxg5 44. Kxc5 f5 45. Kb5 f4 46. Kxa5 f3 47. Kb4 f2 48. Kc3 f1Q 49. Kd2 Qf3 50. Ke1 Kf4 51. Kd2 Ke4 52. Ke1 Qg2 53. Kd1 Kd3 54. Kc1 Qc2# 0-1

[Event "Titled Tuesday intern op 16th Jan Late"]
[Site "Chess.com INT"]
[Date "2024.01.16"]
[Round "1"]
[White "Dourerassou, Jonathan"]
[Black "Diaz Herquinio, Brahian"]
[Result "1/2-1/2"]
[WhiteElo "2410"]
[BlackElo "2051"]
[PlyCount "198"]
[EventDate "2024.01.16"]
[EventType "swiss (blitz)"]
[EventRounds "11"]
[EventCountry "USA"]
[SourceTitle "CB04_2024"]
[SourceDate "2023.10.16"]
[SourceVersion "1"]
[SourceVersionDate "2023.10.16"]
[SourceQuality "1"]

1. d4 d5 2. Nf3 e6 3. Bf4 Nf6 4. e3 c5 5. c3 Nc6 6. Nbd2 Bd6 7. Bg3 0-0 8. Bd3 b6 9. Qe2 Bb7 10. 0-0-0 c4 11. Bc2 b5 12. e4 Be7 13. Ne5 b4 14. Nxc6 Bxc6 15. cxb4 a5 16. e5 Ne4 17. Nxe4 dxe4 18. b5 Bxb5 19. Qxe4 g6 20. d5 exd5 21. Rxd5 Qb6 22. Qd4 Qb7 23. Rd1 Rfd8 24. Be4 Bc6 25. Rxd8+ Rxd8 26. Bxc6 Qxc6 27. Qe3 Rxd1+ 28. Kxd1 Qxg2 29. Kc2 Qd5 30. a3 Qb5 31. Qd4 Qb3+ 32. Kc1 c3 33. Qxc3 Qxc3+ 34. bxc3 Bxa3+ 35. Kc2 Bc5 36. Kb3 Kf8 37. Ka4 Bb6 38. Kb5 Bc7 39. e6 Bxg3 40. hxg3 fxe6 41. Kxa5 Ke7 42. Kb6 h5 43. c4 g5 44. c5 h4 45. gxh4 gxh4 46. c6 h3 47. c7 h2 48. c8Q h1Q 49. Qc7+ Ke8 50. Qc5 Qb1+ 51. Kc7 Qe4 52. Qb5+ Ke7 53. Qg5+ Kf7 54. Qh5+ Kf6 55. Qh8+ Kf5 56. Qh7+ Ke5 57. Qg7+ Kf4 58. Qg3+ Kf5 59. Kd7 Qb7+ 60. Ke8 Qc8+ 61. Kf7 Qd7+ 62. Kg8 Qe8+ 63. Kh7 Qf7+ 64. Kh6 Qf6+ 65. Kh7 Qf7+ 66. Kh6 Qf6+ 67. Kh7 Qg5 68. Qf3+ Ke5 69. Qc3+ Kf5 70. Qd3+ Kf4 71. Qd2+ Kf5 72. Qc2+ Kf6 73. Qc3+ e5 74. Qc6+ Kf5 75. Qf3+ Qf4 76. Qh3+ Ke4 77. Qh1+ Kd3 78. Qd1+ Kc3 79. Qe1+ Kc2 80. Qe2+ Kc3 81. Kg6 Kd4 82. Qb2+ Ke4 83. Qc2+ Kf3 84. Qb2 Kg2 85. Kh5 Qf3+ 86. Kg5 Qf4+ 87. Kg6 e4 88. Qe2 Qf3 89. Qc2 Kf1 90. Kg5 Kg1 91. Kg6 Kg2 92. Kg5 Kh3 93. Kg6 Qg4+ 94. Kf6 Qf4+ 95. Ke6 Kg2 96. Kd5 Qf5+ 97. Kd4 Qf4 98. Qxe4+ Qxe4+ 99. Kxe4 Kxf2 1/2-1/2

[Event "Titled Tuesday intern op 16th Jan Early"]
[Site "Chess.com INT"]
[Date "2024.01.16"]
[Round "9"]
[White "Rogov, Matfey"]
[Black "Diaz Herquinio, Brahian"]
[Result "1-0"]
[WhiteElo "2200"]
[BlackElo "2051"]
[PlyCount "137"]
[EventDate "2024.01.16"]
[EventType "swiss (blitz)"]
[EventRounds "11"]
[EventCountry "USA"]
[SourceTitle "CB04_2024"]
[SourceDate "2023.10.16"]
[SourceVersion "1"]
[SourceVersionDate "2023.10.16"]
[SourceQuality "1"]

1. e4 c5 2. Nf3 d6 3. d4 cxd4 4. Nxd4 Nf6 5. Nc3 a6 6. a3 Nc6 7. Bg5 e6 8. Qd2 Bd7 9. 0-0-0 b5 10. Nxc6 Bxc6 11. Qe1 Qb6 12. Bxf6 gxf6 13. Nd5 Bxd5 14. exd5 e5 15. Bd3 a5 16. Kb1 Qc5 17. f4 Be7 18. Rf1 Rb8 19. Qe4 a4 20. c3 h5 21. fxe5 dxe5 22. d6 Bd8 23. Be2 Rb6 24. Ka1 Kf8 25. d7 Rh6 26. h3 Rd6 27. g4 hxg4 28. hxg4 Rh2 29. Rxd6 Qxd6 30. Rh1 Rxh1+ 31. Qxh1 Qxd7 32. Qf1 Ke7 33. Bxb5 Qa7 34. Bc4 Kf8 35. Qf5 Qc5 36. Bd3 Qg1+ 37. Ka2 Qc5 38. Qd7 Qb6 39. Qd5 Qe6 40. Qxe6 fxe6 41. Bb5 f5 42. gxf5 exf5 43. Bxa4 f4 44. Bc6 Ke7 45. Kb1 Kd6 46. Be4 Kc5 47. Kc2 Kb5 48. b3 Be7 49. a4+ Ka5 50. Kd3 Bd6 51. Kc4 Be7 52. Kd5 Bf6 53. Kc6 Be7 54. Kb7 Ba3 55. Bf3 Bb2 56. c4 Bd4 57. Kc6 Kb4 58. Bd1 e4 59. Kd5 f3 60. Kxd4 f2 61. Be2 e3 62. Kxe3 Kxb3 63. c5 Kxa4 64. c6 Ka5 65. c7 Kb6 66. c8Q Ka7 67. Qa6+ Kb8 68. Qb6+ Ka8 69. Bf3# 1-0

[Event "Titled Tuesday intern op 04th Oct Early"]
[Site "Chess.com INT"]
[Date "2022.10.04"]
[Round "4"]
[White "Diaz Herquinio, Brahian"]
[Black "Coelho, Ramyres Santana"]
[Result "0-1"]
[WhiteElo "2051"]
[BlackElo "1981"]
[PlyCount "46"]
[EventDate "2022.10.04"]
[EventType "swiss (blitz)"]
[EventRounds "11"]
[EventCountry "USA"]
[SourceTitle "EXT 2023"]
[Source "ChessBase"]
[SourceDate "2022.10.05"]
[SourceVersion "1"]
[SourceVersionDate "2022.10.05"]
[SourceQuality "1"]

1. e4 c5 2. Nc3 Nc6 3. Nf3 d6 4. d4 cxd4 5. Nxd4 Bd7 6. h3 Nf6 7. g4 h6 8. Bg2 e6 9. 0-0 Be7 10. Be3 0-0 11. Ndb5 Be8 12. f4 a6 13. Nd4 Nxd4 14. Bxd4 Nd7 15. Qf3 Bf6 16. Rad1 Bxd4+ 17. Rxd4 Qb6 18. Qf2 Qxb2 19. Qd2 Rc8 20. Rf3 Nc5 21. Rxd6 Nxe4 22. Nxe4 Rxc2 23. Qd4 Rxg2+ 0-1

[Event "Titled Tuesday intern op 04th Oct Early"]
[Site "Chess.com INT"]
[Date "2022.10.04"]
[Round "11"]
[White "Diaz Herquinio, Brahian"]
[Black "Kuznetsov, Mikhail V"]
[Result "0-1"]
[WhiteElo "2051"]
[BlackElo "2246"]
[PlyCount "118"]
[EventDate "2022.10.04"]
[EventType "swiss (blitz)"]
[EventRounds "11"]
[EventCountry "USA"]
[SourceTitle "EXT 2023"]
[Source "ChessBase"]
[SourceDate "2022.10.05"]
[SourceVersion "1"]
[SourceVersionDate "2022.10.05"]
[SourceQuality "1"]

1. e4 c6 2. d4 d5 3. Nc3 a6 4. Nf3 Bg4 5. Be2 e6 6. h3 Bxf3 7. Bxf3 Nf6 8. exd5 cxd5 9. 0-0 Nc6 10. Be3 Bd6 11. Ne2 0-0 12. b3 Rc8 13. c4 Ne7 14. c5 Bb8 15. Bf4 Bxf4 16. Nxf4 Qc7 17. Nd3 Nc6 18. Nb2 Qf4 19. Rc1 Nxd4 20. Nd3 Nxf3+ 21. Qxf3 Qxf3 22. gxf3 Nd7 23. f4 Rc6 24. b4 Rfc8 25. Rc2 b6 26. Rfc1 bxc5 27. bxc5 Rb8 28. Kf1 Kf8 29. Ke2 Ke7 30. Ke3 f6 31. Kd4 Rb5 32. Rb2 Rxb2 33. Nxb2 Rc8 34. Nd3 Nb8 35. Rb1 Nc6+ 36. Ke3 Rb8 37. Rb6 Rxb6 38. cxb6 Kd6 39. a3 e5 40. fxe5+ fxe5 41. f4 e4 42. Ne5 Ne7 43. b7 Nf5+ 44. Kd2 Kc7 45. Kc3 Kxb7 46. Nd7 Kc7 47. Nc5 Kb6 48. Ne6 g6 49. Nd4 Nxd4 50. Kxd4 Kc6 51. h4 Kd6 52. a4 a5 53. h5 gxh5 54. f5 h4 55. f6 h3 56. f7 Ke7 57. Kxd5 h2 58. Kxe4 h1Q+ 59. Kd4 Kxf7 0-1